<?xml version="1.0" encoding="UTF-8"?>
<record
    xmlns:xsi="http://www.w3.org/2001/XMLSchema-instance"
    xsi:schemaLocation="http://www.loc.gov/MARC21/slim http://www.loc.gov/standards/marcxml/schema/MARC21slim.xsd"
    xmlns="http://www.loc.gov/MARC21/slim">

  <leader>00981nam0a2200289 i 4500</leader>
  <controlfield tag="001">RU\NLR\BIBL_A\010815425</controlfield>
  <controlfield tag="005">20241115065359.0</controlfield>
  <datafield tag="010" ind1=" " ind2=" ">
    <subfield code="a">9785699796977</subfield>
    <subfield code="9">4000</subfield>
  </datafield>
  <datafield tag="021" ind1=" " ind2=" ">
    <subfield code="a">RU</subfield>
    <subfield code="b">2015-49275</subfield>
    <subfield code="9">2923</subfield>
  </datafield>
  <datafield tag="035" ind1=" " ind2=" ">
    <subfield code="a">(NLR Aleph) 010815425</subfield>
  </datafield>
  <datafield tag="090" ind1=" " ind2=" ">
    <subfield code="a">10221807</subfield>
    <subfield code="c">10221807</subfield>
  </datafield>
  <datafield tag="100" ind1=" " ind2=" ">
    <subfield code="a">20150811d2015    m  y0rusy50      ca</subfield>
  </datafield>
  <datafield tag="101" ind1="0" ind2=" ">
    <subfield code="a">rus</subfield>
  </datafield>
  <datafield tag="102" ind1=" " ind2=" ">
    <subfield code="a">RU</subfield>
  </datafield>
  <datafield tag="105" ind1=" " ind2=" ">
    <subfield code="a">a   g   000yy</subfield>
  </datafield>
  <datafield tag="200" ind1="1" ind2=" ">
    <subfield code="a">&#x413;&#x43E;&#x442;&#x43E;&#x432;&#x438;&#x43C; &#x441; &#x43F;&#x43E;&#x43C;&#x43E;&#x449;&#x44C;&#x44E; &#x431;&#x43B;&#x435;&#x43D;&#x434;&#x435;&#x440;&#x430;</subfield>
    <subfield code="e">&#x433;&#x43E;&#x442;&#x43E;&#x432;&#x44C; &#x431;&#x44B;&#x441;&#x442;&#x440;&#x43E;! &#x433;&#x43E;&#x442;&#x43E;&#x432;&#x44C; &#x441; &#x443;&#x434;&#x43E;&#x432;&#x43E;&#x43B;&#x44C;&#x441;&#x442;&#x432;&#x438;&#x435;&#x43C;!</subfield>
  </datafield>
  <datafield tag="210" ind1=" " ind2=" ">
    <subfield code="a">&#x41C;&#x43E;&#x441;&#x43A;&#x432;&#x430;</subfield>
    <subfield code="c">&#x41C;&#x430;&#x441;&#x442;&#x435;&#x440;&#x441;&#x43A;&#x430;&#x44F; &#x432;&#x43A;&#x443;&#x441;&#x430;</subfield>
    <subfield code="c">&#x42D;&#x43A;&#x441;&#x43C;&#x43E;</subfield>
    <subfield code="d">2015</subfield>
  </datafield>
  <datafield tag="215" ind1=" " ind2=" ">
    <subfield code="a">15 &#x441;.</subfield>
    <subfield code="c">&#x446;&#x432;. &#x438;&#x43B;.</subfield>
    <subfield code="d">20</subfield>
  </datafield>
  <datafield tag="225" ind1="1" ind2=" ">
    <subfield code="a">&#x41A;&#x443;&#x43B;&#x438;&#x43D;&#x430;&#x440;&#x438;&#x44F;</subfield>
    <subfield code="i">&#x412;&#x435;&#x441;&#x435;&#x43B;&#x44B;&#x435; &#x43F;&#x43E;&#x432;&#x430;&#x440;&#x430;</subfield>
  </datafield>
  <datafield tag="333" ind1=" " ind2=" ">
    <subfield code="a">16+</subfield>
  </datafield>
  <datafield tag="606" ind1=" " ind2=" ">
    <subfield code="a">&#x411;&#x43B;&#x435;&#x43D;&#x434;&#x435;&#x440;&#x44B;</subfield>
    <subfield code="9">2478256</subfield>
    <subfield code="3">RU\NLR\AUTH\661471368</subfield>
  </datafield>
  <datafield tag="606" ind1=" " ind2=" ">
    <subfield code="a">&#x41A;&#x443;&#x43B;&#x438;&#x43D;&#x430;&#x440;&#x438;&#x44F;</subfield>
    <subfield code="x">&#x420;&#x435;&#x446;&#x435;&#x43F;&#x442;&#x443;&#x440;&#x430;</subfield>
    <subfield code="9">2080572</subfield>
    <subfield code="3">RU\NLR\AUTH\661256513</subfield>
  </datafield>
  <datafield tag="686" ind1="1" ind2=" ">
    <subfield code="a">&#x41B;997</subfield>
  </datafield>
  <datafield tag="942" ind1=" " ind2=" ">
    <subfield code="c">BOOK</subfield>
  </datafield>
  <datafield tag="980" ind1=" " ind2=" ">
    <subfield code="a">NBR</subfield>
  </datafield>
</record>
